All Teams Ever Played For By Emmanuel Adebayor - Statistics

General Stats
  • This quiz has been taken 31 times
  • The average score is 6 of 13
Answer Stats
Years Answer % Correct
2006 - 2009 Arsenal
92%
2009 - 2012 Manchester City
92%
2012 - 2015 Tottenham Hotspur
92%
2011-2012(loan) Tottenham Hotspur
92%
2011(loan) Real Madrid
81%
2003 - 2006 AS Monaco
42%
2000 - 2019 Togo
42%
2016 Crystal Palace
31%
2001 - 2003 FC Metz
19%
2021 - 2023 AC Semassi
15%
2017 - 2019 İstanbul Başakşehir
15%
2019 Kayserispor
15%
2020 Club Olimpia
12%
No matching quizzes found
Score Distribution
Percent of People with Each Score
Percentile by Number Answered
Your Score History
You have not taken this quiz